Выездные спектакли театра Краснознаменного Балтфлота, 19 июля 1943 г. К. Симонов (Лауреат Сталинской премии). "Русские люди": пьеса в 3 действиях 9 картинах. Постановка заслуженного артиста РСФСР А.В. Пергамент (орд.) и заслуженного артиста РСФСР В.И. Честнокова. Художник - В.М. Коваленко (орд.). (Запись № 11329658)

Подробности
000 -МАРКЕР
контрольное поле 03640nam0a2200541 4500
001 - ИДЕНТИФИКАТОР ЗАПИСИ
контрольное поле RU\NLR\BIBL_A\011985271
005 - ИДЕНТИФИКАТОР ВЕРСИИ
контрольное поле 20260407094426.0
020 ## - НОМЕР ДОКУМЕНТА В НАЦИОНАЛЬНОЙ БИБЛИОГРАФИИ
Код страны Российская Федерация
Основное заглавие издания Российской книжной палаты Ленинград в Великой Отечественной войне. Коллекция. Афиши
035 ## - ДРУГИЕ СИСТЕМНЫЕ НОМЕРА
Идентификатор записи (NLR Aleph) 011985271
100 ## - ДАННЫЕ ОБЩЕЙ ОБРАБОТКИ
Данные общей обработки 20190410d1943 u y0rusy50 ca
101 0# - ЯЗЫК РЕСУРСА
Язык текста, звукозаписи и т.д. русский
102 ## - СТРАНА ПУБЛИКАЦИИ ИЛИ ПРОИЗВОДСТВА
Страна публикации Российская Федерация
105 ## - ПОЛЕ КОДИРОВАННЫХ ДАННЫХ: ТЕКСТОВЫЕ МАТЕРИАЛЫ, МОНОГРАФИЧЕСКИЕ
Кодированные данные о монографическом текстовом документе y z 000zy
135 ## - ПОЛЕ КОДИРОВАННЫХ ДАННЫХ: ЭЛЕКТРОННЫЕ РЕСУРСЫ
Кодированные данные для электронного ресурса crcn 024anaba
200 1# - ЗАГЛАВИЕ И СВЕДЕНИЯ ОБ ОТВЕТСТВЕННОСТИ
Основное заглавие Выездные спектакли театра Краснознаменного Балтфлота, 19 июля 1943 г. К. Симонов (Лауреат Сталинской премии). "Русские люди": пьеса в 3 действиях 9 картинах. Постановка заслуженного артиста РСФСР А.В. Пергамент (орд.) и заслуженного артиста РСФСР В.И. Честнокова. Художник - В.М. Коваленко (орд.).
Сведения, относящиеся к заглавию [афиша]
Первые сведения об ответственности Клуб имени Серго Орджоникидзе
210 ## - ПУБЛИКАЦИЯ, РАСПРОСТРАНЕНИЕ И ДР.
Место издания, распространения и т.д. [Ленинград]
Имя издателя, распространителя и т. д. Типография Картфабрики Госгеолиздата
Дата издания, распространения и т.д. 1943
215 ## - ФИЗИЧЕСКАЯ ХАРАКТЕРИСТИКА
Специфическое обозначение материала и объем 1 л.
Размеры 30х41
300 ## - ОБЩИЕ ПРИМЕЧАНИЯ
Текст примечания Начало в 19 часов. Предварительная продажа билетов ежедневно в кассе Клуба С. Орджоникидзе с 14 до 21 час.
300 ## - ОБЩИЕ ПРИМЕЧАНИЯ
Текст примечания Зак. № 218
325 ## - ПРИМЕЧАНИЕ О КОПИИ
Текст примечания Копия доступна в Электрон. б-ке РНБ
500 10 - УНИФИЦИРОВАННОЕ ЗАГЛАВИЕ
Связь между полями z77702
Унифицированное заглавие Русские люди
606 1# - НАИМЕНОВАНИЕ ТЕМЫ КАК ПРЕДМЕТ
Наименование темы Театральная жизнь
Формальный подзаголовок Афиши
Географический подзаголовок Ленинград, город
Хронологический подзаголовок 1941 - 1944
Системный номер авторитетной/нормативной записи 2398624
Идентификатор авторитетной/нормативной записи RU\NLR\AUTH\6601649837
686 ## - ИНДЕКСЫ ДРУГИХ КЛАССИФИКАЦИЙ
Индекс Щ333(2Р=Рус)7-692Ленинград
702 #1 - ИМЯ ЛИЦА - ВТОРИЧНАЯ ОТВЕТСТВЕННОСТЬ
Код отношения Актер
Материалы, к которым относится поле rus
Графика поля Кириллица
Начальный элемент ввода Симонов
Часть имени, кроме начального элемента ввода К. М.
Дополнения к именам, кроме дат писатель
Даты 1915-1979
Расширение инициалов личного имени Константин Михайлович
Идентификатор авторитетной/нормативной записи RU\NLR\AUTH\778243
Системный номер авторитетной/нормативной записи 118155
702 #1 - ИМЯ ЛИЦА - ВТОРИЧНАЯ ОТВЕТСТВЕННОСТЬ
Код отношения Актер
Начальный элемент ввода Пергамент
Часть имени, кроме начального элемента ввода А. В.
Дополнения к именам, кроме дат театр. режиссер
Даты 1906-1969
Расширение инициалов личного имени Александр Викторович
Системный номер авторитетной/нормативной записи 202271
Идентификатор авторитетной/нормативной записи RU\NLR\AUTH\770202322
702 #1 - ИМЯ ЛИЦА - ВТОРИЧНАЯ ОТВЕТСТВЕННОСТЬ
Код отношения Актер
Графика поля Кириллица
Материалы, к которым относится поле rus
Начальный элемент ввода Честноков
Часть имени, кроме начального элемента ввода В. И.
Дополнения к именам, кроме дат актер
Даты 1904-1968
Расширение инициалов личного имени Владимир Иванович
Системный номер авторитетной/нормативной записи 202277
Идентификатор авторитетной/нормативной записи RU\NLR\AUTH\770202328
702 #1 - ИМЯ ЛИЦА - ВТОРИЧНАЯ ОТВЕТСТВЕННОСТЬ
Код отношения Карикатурист, Художник
Графика поля Кириллица
Материалы, к которым относится поле rus
Начальный элемент ввода Коваленко
Часть имени, кроме начального элемента ввода В. М.
Дополнения к именам, кроме дат театр. художник, фотограф
Даты 1908-1966
Расширение инициалов личного имени Вячеслав Михайлович
Системный номер авторитетной/нормативной записи 202284
Идентификатор авторитетной/нормативной записи RU\NLR\AUTH\770202335
710 02 - НАИМЕНОВАНИЕ ОРГАНИЗАЦИИ - ПЕРВИЧНАЯ ОТВЕТСТВЕННОСТЬ
Начальный элемент ввода Театр Краснознаменного Балтийского флота
Идентификатор авторитетной/нормативной записи RU\NLR\AUTH\889919681
Системный номер авторитетной/нормативной записи 335604
712 02 - НАИМЕНОВАНИЕ ОРГАНИЗАЦИИ - ВТОРИЧНАЯ ОТВЕТСТВЕННОСТЬ
Код отношения Прочие
Начальный элемент ввода Клуб им. С. Орджоникидзе
Идентифицирующий признак Ленинград
Системный номер авторитетной/нормативной записи 657467
Идентификатор авторитетной/нормативной записи RU\NLR\AUTH\880498846
852 ## - МЕСТОНАХОЖДЕНИЕ И ШИФР ХРАНЕНИЯ
Идентификатор организации NLR
Шифр хранения (Call Number) Л3-330а/10/3/1943-июль(7)
856 #0 - МЕСТОНАХОЖДЕНИЕ ЭЛЕКТРОННЫХ РЕСУРОВ И ДОСТУП К НИМ
Универсальный идентификатор ресурса (Uniform Resource Identifier) http://vivaldi.nlr.ru/la700000308/view
856 #1 - МЕСТОНАХОЖДЕНИЕ ЭЛЕКТРОННЫХ РЕСУРОВ И ДОСТУП К НИМ
Универсальный идентификатор ресурса (Uniform Resource Identifier) http://vivaldi.nlr.ru/la700000308/cover
856 #2 - МЕСТОНАХОЖДЕНИЕ ЭЛЕКТРОННЫХ РЕСУРОВ И ДОСТУП К НИМ
Универсальный идентификатор ресурса (Uniform Resource Identifier) http://vivaldi.nlr.ru/la700000308/text
942 ## - ДОПОЛНИТЕЛЬНЫЕ ЭЛЕМЕНТЫ ЗАПИСИ (АБИС)
Тип экземпляра АБИС Визуальный материал
945 ## - Информацию об издании предоставили:
Полное название организации, предоставившей материал Российская национальная библиотека
980 ## - КОЛЛЕКЦИЯ
Название коллекции Национальная библиография
980 ## - КОЛЛЕКЦИЯ
Название коллекции Библиография Победы
980 3# - КОЛЛЕКЦИЯ
Название коллекции
980 3# - КОЛЛЕКЦИЯ
Название коллекции
981 37 - КОЛЛЕКЦИЯ ЭЛЕКТРОННОЙ БИБЛИОТЕКИ
Название коллекции Ленинград в Великой Отечественной войне
Название подколлекции Афиши блокадного Ленинграда

Нет доступных экземпляров.